000 00760nam a2200229Ii 4500
003 JO-AjNU
008 230605s9999||||xx |||||||||||||| ||und||
017 _a2008/5/1507
020 _a978-9957-33-148-1
040 _aJO-AjNU
_bara
_erda
_cJO-AjNU
041 _aara
050 1 4 _aHD69.P75.F32.2009
100 3 _aالفضل،مؤيد,
_eauthor
_927691
245 0 0 _aتقييم وادارة المشروعات المتوسطة والكبيرة
250 _aط1
264 3 1 _aعمان:مؤسسة الوراق للنشر والتوزيع،2009
300 _a553ص
336 _atext
_btxt
_2rdacontent
337 _aunmediated
_bn
_2rdamedia
338 _avolume
_bnc
_2rdacarrier
650 4 _aادارة الاعمال-ادارة المشاريع
_927692
999 _aA10652
_c14220
_d14220